Best Offensive Player On Every NFL Team 2024-25 - Statistics

General Stats
  • This quiz has been taken 156 times
  • The average score is 24 of 32
Answer Stats
Team Answer % Correct
Bills Josh Allen
96%
Cheifs Patrick Mahomes
92%
Ravens Lamar Jackson
91%
Bengals Joe Burrow
90%
Jets Garrett Wilson
86%
Lions Amon-Ra St. Brown
85%
Steelers George Pickens
83%
Vikings Justin Jefferson
83%
Eagles Saquon Barkley
83%
Cowboys Ceedee Lamb
82%
Rams Kyren Williams
82%
Dolphins De'Von Achane
81%
Commanders Jayden Daniels
81%
Buccaneers Mike Evans
81%
Browns Jerry Jeudy
76%
Packers Josh Jacobs
76%
Giants Malik Nabers
75%
Saints Alvin Kamara
74%
Falcons Bijan Robinson
74%
Texans Joe Mixon
74%
Broncos Courtland Sutton
73%
49ers George Kittle
73%
Colts Jonathan Taylor
72%
Patriots Rhamondre Stevenson
71%
Raiders Brock Bowers
68%
Jaguars Brian Thomas Jr.
66%
Panthers Chuba Hubbard
65%
Chargers Ladd McConkey
63%
Bears D'Andre Swift
61%
Seahawks Jaxon Smith-Njigba
59%
Titans Tony Pollard
58%
Cardinals Trey McBride
58%
No matching quizzes found
Score Distribution
Percent of People with Each Score
Percentile by Number Answered
Your Score History
You have not taken this quiz